| 000 | 00813nam a2200229Ia 4500 | ||
|---|---|---|---|
| 003 | GCL | ||
| 008 | 140319s9999 xx 000 0 ara d | ||
| 040 |
_aGCL / _cGCL |
||
| 082 | 0 | 4 |
_a632.752 _bع ح |
| 100 | 1 | _aاحمد عبدالوهاب عبدالجواد | |
| 245 | 1 | 0 |
_aالحشرات الاقتصادية والدراسات العملية المورقولوجية لتعريفها / _cاحمد عبدالوهاب عبدالجواد |
| 700 | 1 | _aعبداللطيف الديب | |
| 700 | 1 | _aاحمد الشاذلى | |
| 260 |
_a[S.N] : _bلجنة الاعلام والدراسات المستقبلية |
||
| 300 | _a584 ص | ||
| 490 | _a | ||
| 650 | 0 | 4 | _aالافات الزراعية |
| 650 | 0 | 4 | _aالحشرات |
| 650 | 0 | 4 | _aالحشرات الضارة |
| 650 | 0 | 4 | _aتشريح |
| 942 |
_2ddc _cBK |
||
| 999 |
_c27827 _d27827 |
||